00972 a2200253 4500020001500000020001500015020001500030040001300045082001300058100001800071245016600089250001200255260004400267300004800311500002000359650003300379650003100412650003000443650001900473650002100492942002600513999001500539952016400554 a0312405219 a0312405219 a0312405219 aDLCbDLC00a808.04271 aAnker, Susan.10aReal writing with readings: paragraphs and essays for college, work, and everyday lifebparagraphs and essays for college, work, and everyday life cSusan Anker. a3rd ed. aBoston :bBedford/St. Martin's,cc2004. axxxvii, 684, [17] p. :bcol. ill. ;c28 cm. aIncludes index. 0aEnglish languagexParagraphs 0aEnglish languagexRhetoric 0aEnglish languagexGrammar 0aReport writing 0aCollege readers. cBKk808.0427 ANK2ddc c4751d4751 001040708NFICaCLbCLcGENd2005-08-22eProgressive International Agenciesg3823.94l1m3o808.0427 ANKpSEECS006354r2023-02-22s2022-11-18w2017-01-05yBK